000 00440nmm a2200145Ia 4500
008 251105s9999||||xx |||||||||||||||||und||
041 _aspa
100 _aFernández de la A., P. Rafael
245 0 _aCómo aprender a meditar
264 _a[Santiago de Chile, Chile] :
_bNueva Patris,
_c2006
300 _a214 páginas
650 _aMind, body and spirituality
856 _uhttps://public.digitaliapublishing.com/a/28683
942 _cCF
999 _c104234
_d104234